000 00772nam a2200205 a 4500
001 000030130
005 20250701121839.0
008 110429s2006 dr a 000 0 spa d
020 _a9945406485
040 _aDO-SdBNP
_bspa
_cBNPHU
082 _axxx
_bF727s
111 2 _aForo presidencial por la excelencia de la educación
_d(2006 nov. :
_cSanto Domingo)
_956814
245 1 0 _aSistema nacional de acreditación de docentes de educación superior.
260 _aSanto Domingo :
_bAlfa y Omega
_bSEESCYT,
_c2006.
300 _a236 p. :
_bil. ;
_c23 cm.
500 _aIncluye notas al pie de páginas
504 _aBibliografías p. 211-216
710 1 _aRepública Dominicana.
_bSecretaría de Estado de Educación Superior, Ciencia y Tecnología
_918778
049 _aBNPD
999 _c29622
_d29622